| 000 | 00379nam a2200145Ia 4500 | ||
|---|---|---|---|
| 008 | 150201s2007 xx 000 0 und d | ||
| 082 |
_a617.632 _bA2007C |
||
| 100 | _aCOHEN,EDWARDS | ||
| 245 | _aATLAS OF COSMETIC & RECONSTRUCTIVE PERIODONTOL SURGERY | ||
| 250 | _a3RD | ||
| 260 |
_bB.C.DECKER _aTORONTO _c2007 |
||
| 300 | _a1-464 | ||
| 650 | _aPERIODONTICS | ||
| 942 |
_2ddc _cBK _02 |
||
| 999 |
_c4226 _d4226 |
||